[Event "Polgar Challenge 2021"]
[Site "Online"]
[Date "2021.04.04"]
[Round "7.1"]
[White "Praggnanandhaa R"]
[Black "Zhu, Jiner"]
[Result "1-0"]
[WhiteElo "2608"]
[BlackElo "2459"]
[Annotator "TA"]
[PlyCount "159"]
[EventDate "2021.04.08"]
[EventType "tourn"]
[EventCountry "NET"]
[SourceTitle "playchess.com"]
[Source "ChessBase"]
[SourceQuality "1"]

{[%evp 21,159,-45,-29,-17,-17,-38,3,14,23,-19,27,5,55,54,61,0,0,-16,-14,-28,0,10,49,37,51,0,172,166,155,134,162,135,414,408,424,427,405,424,419,415,407,359,551,550,593,560,549,541,528,452,462,441,29981,29982,29992,706,29981,29982,5831,431,429,421,328,211,211,195,192,188,188,180,188,188,267,195,195,170,176,131,195,195,187,100,100,100,100,100,129,100,129,100,129,129,129,129,129,129,129,129,129,129,129,82,82,82,96,82,82,82,129,82,129,75,129,129,129,129,129,129,132,61,134,134,139,139,139,108,95,95,29974,29975,29976,29977,29974,29978,29977,29978,29985,29986,29986,29987]} 1. Nf3 Nf6 2. g3 e6 3. Bg2 d5 4. O-O c5 5. d3 Nc6 6. Nbd2 Be7 7. e4 Qc7 8. Re1 O-O 9. e5 Nd7 10. Qe2 b5 11. Nf1 b4 {Recently 11...Bb7 got a lot of attention.} 12. Bf4 {C00: French: Unusual White 2nd moves.} a5 13. Ne3 Qb6 14. h4 {[#] The position is equal.} Bb7 $146 ({Predecessor:} 14... Ba6 15. Ng5 Bxg5 16. hxg5 Rae8 17. Ng4 Nd4 18. Qd2 Kh8 19. Kh2 Rc8 20. c3 Nf5 21. Rac1 Rfd8 22. Rh1 Rb8 23. Bf3 Bb7 24. Qe2 {½-½ (24) Fehling,M (2235)-Kapfer,T Germany 1998}) 15. Qd2 Rfd8 16. h5 a4 17. h6 g6 $1 18. a3 (18. c4 $14) 18... Nd4 $11 19. Nxd4 cxd4 20. Ng4 bxa3 21. bxa3 Qa5 22. Qc1 Rdc8 23. Bg5 (23. Bd2 $14 Qd8 24. Ra2) 23... Qd8 $2 (23... Bf8 $11 {and Black has nothing to worry.}) 24. Bxe7 $18 Qxe7 25. Rb1 $36 {[%mdl 2048] Keeping Black busy.} Ba6 26. Rb4 $1 Bxd3 $2 {[%mdl 8192]} (26... Rc3 $16 {is a better defense.}) 27. Rb7 $1 {[%cal Rb7d7]} Kh8 28. Nf6 Bb5 29. Rxb5 Nxf6 30. exf6 Qxf6 31. Qd2 Rc4 (31... g5 $142 32. Rb6 Rab8) 32. Reb1 Qe5 33. Rb7 Kg8 34. Bf1 Rc3 35. Bd3 Rac8 36. Ra7 Rxa3 (36... R3c7 $18) 37. Qb4 {[%mdl 64] Double Attack} Rac3 38. Qb7 (38. Qe7 $142 Rf8 39. Rb8 $3 {[%mdl 576] Deflection} Qxb8 40. Qf6 $1 {[%mdl 512]} Qe5 41. Qxe5 f6 42. Qxe6+ Kh8 43. Qe7 {[%mdl 64] Double Attack} Rf7 44. Qe8+ {[%mdl 64] Double Attack} Rf8 45. Qxf8#) 38... Rf8 39. Ra8 Qd6 {[#]} 40. Qa7 (40. Qb8 $142 $3 {[%mdl 512] White wants to mate with Qxf8+.} Rb3 41. Rxb3 axb3 42. Qxd6 Rxa8 43. Qe5) 40... Rcc8 41. Rxc8 Rxc8 42. Qxd4 {[%csl Gh6][%cal Rd4g7]} Qf8 43. Qxa4 Qxh6 44. Qd7 Rf8 45. Qd6 Qd2 46. Kg2 h5 (46... Qc3 $142 47. Qe7 Kg7) 47. Rb7 {Hoping for Bxg6!} Qg5 48. Qb4 Qf6 49. Qb2 Qg5 (49... Qxb2 $16 50. Rxb2 Rc8) 50. Qd4 Rc8 51. Qh4 ({Better is} 51. Ra7 $18) 51... Qxh4 $16 52. gxh4 {[%mdl 4096] Endgame KRB-KR} Kg7 53. Kg3 Kf6 54. f3 Rc5 55. Rd7 Rc8 56. Ra7 Rb8 57. Ra1 Rb4 58. f4 Rb7 59. Kf3 Rb4 60. Ke3 Rb7 61. Kd2 Rb4 {[#]} 62. Rf1 $1 Rb7 63. Kc3 Rc7+ 64. Kd4 Rc8 65. Rb1 Rc7 66. Rb6 ({White should play} 66. Ra1) 66... Rc8 ({Black should try} 66... Ra7) 67. Rb7 Rc6 68. c3 Rc8 69. Bb5 Ra8 70. Kc5 (70. Ke3 $16) 70... Rf8 (70... Ra3 $14) 71. Kd6 Rc8 72. Bc6 Rf8 73. Bd7 Ra8 74. Rc7 Rd8 $2 {[%mdl 8192] [#]} (74... Rb8 $16 75. Bc6 Rd8+ 76. Rd7 Rc8) 75. Rc8 $1 {[%cal Rc8d8] White mates.} Rxc8 76. Bxc8 Kf5 77. Ke7 Kxf4 78. Kxf7 g5 79. hxg5 Kxg5 80. Kxe6 {Weighted Error Value: White=0.26/Black=0.48} 1-0

[Event "Polgar Challenge 2021"]
[Site "Online"]
[Date "2021.04.04"]
[Round "7.2"]
[White "Salimova, Nurgyul"]
[Black "Yip, Carissa"]
[Result "1-0"]
[WhiteElo "2397"]
[BlackElo "2430"]
[Annotator "NA"]
[PlyCount "109"]
[EventDate "2021.04.08"]
[EventType "tourn"]
[EventCountry "NET"]
[SourceTitle "playchess.com"]
[Source "ChessBase"]
[SourceQuality "1"]
[TimeControl "600+5"]

1. d4 {[%emt 0:00:00]} Nf6 {[%emt 0:00:00]} 2. c4 {[%emt 0:00:00]} g6 {[%emt 0:00:00]} 3. g3 {[%emt 0:00:02]} Bg7 {[%emt 0:00:14]} 4. Bg2 {[%emt 0:00:03]} d5 {[%emt 0:00:02]} 5. cxd5 {[%emt 0:00:20]} Nxd5 {[%emt 0:00:01]} 6. Nf3 {[%emt 0:00:05]} Nb6 {[%emt 0:00:04]} 7. O-O {[%emt 0:00:15]} Nc6 {[%emt 0:00:02]} 8. e3 {[%emt 0:00:06]} O-O {[%emt 0:00:02]} 9. Nc3 {[%emt 0:00:14]} Re8 {[%emt 0:00:11]} 10. Nh4 {[%emt 0:00:19]} e5 {[%emt 0:00:11]} 11. d5 {[%emt 0:00:04]} Nb4 {[%emt 0:00:05]} 12. e4 {[%emt 0:00:49]} c6 {[%emt 0:00:18]} 13. a3 {[%emt 0:00:38]} Na6 {[%emt 0:00:03]} 14. Be3 {[%emt 0:00:34]} cxd5 {[%emt 0:01:23]} 15. Bxb6 {[%emt 0:01:25]} Qxb6 {[%emt 0:00:03]} 16. Nxd5 {[%emt 0:00:03]} Qxb2 {[%emt 0:00:14]} 17. Qf3 {[%emt 0:01:12]} Qb5 {[%emt 0:01:12]} 18. Rab1 {[%emt 0:00:10]} Qd7 {[%emt 0:00:24]} 19. Rfc1 {[%emt 0:00:25]} b6 {[%emt 0:00:55]} 20. Bf1 {[%emt 0:00:12]} Bb7 {[%emt 0:02:18]} 21. Bb5 {[%emt 0:01:11]} Qd6 {[%emt 0:00:22]} 22. Bxe8 {[%emt 0:00:14]} Rxe8 {[%emt 0:00:02]} 23. Ng2 {[%emt 0:00:23]} Nc5 {[%emt 0:00:34]} 24. Rd1 {[%emt 0:00:14]} Qb8 {[%emt 0:01:05]} 25. Nge3 {[%emt 0:00:09]} h5 {[%emt 0:00:14]} 26. Qg2 {[%emt 0:00:12]} Ne6 {[%emt 0:00:05]} 27. f3 {[%emt 0:00:37]} Nd4 {[%emt 0:00:06]} 28. Qf2 {[%emt 0:00:26]} Ba6 {[%emt 0:00:18]} 29. Rd2 {[%emt 0:00:16]} Qd6 {[%emt 0:00:23]} 30. a4 {[%emt 0:00:10]} Bf8 {[%emt 0:00:47]} 31. Kg2 {[%emt 0:00:10]} Qd8 {[%emt 0:00:15]} 32. Nb4 {[%emt 0:00:44]} Bb7 {[%emt 0:00:06]} 33. Nbd5 {[%emt 0:00:37]} Bc5 {[%emt 0:00:09]} 34. Qf1 {[%emt 0:00:07]} Kg7 {[%emt 0:00:08]} 35. a5 {[%emt 0:00:09]} f5 {[%emt 0:00:24]} 36. axb6 {[%emt 0:00:11]} axb6 {[%emt 0:00:01]} 37. Qc4 {[%emt 0:00:08]} Rf8 {[%emt 0:00:17]} 38. Ra1 {[%emt 0:00:02]} f4 {[%emt 0:00:02]} 39. Ra7 {[%emt 0:00:06]} Rf7 {[%emt 0:00:03]} 40. Rxb7 {[%emt 0:00:11]} Rxb7 {[%emt 0:00:02]} 41. Nf1 {[%emt 0:00:01]} Rf7 {[%emt 0:00:05]} 42. Rd3 {[%emt 0:00:06]} Qf8 {[%emt 0:00:04]} 43. gxf4 {[%emt 0:00:01]} Qd8 {[%emt 0:00:08]} 44. fxe5 {[%emt 0:00:05]} Qg5+ {[%emt 0:00:01]} 45. Ng3 {[%emt 0:00:01]} h4 {[%emt 0:00:05]} 46. f4 {[%emt 0:00:01]} Qg4 {[%emt 0:00:01]} 47. h3 {[%emt 0:00:01]} Qc8 {[%emt 0:00:03]} 48. Rxd4 {[%emt 0:00:05]} hxg3 {[%emt 0:00:03]} 49. Rd3 {[%emt 0:00:08]} Qa8 {[%emt 0:00:20]} 50. e6 {[%emt 0:00:07]} Ra7 {[%emt 0:00:06]} 51. Qc3+ {[%emt 0:00:08]} Kh6 {[%emt 0:00:01]} 52. Rd2 {[%emt 0:00:08]} Ra1 {[%emt 0:00:03]} 53. Ne3 {[%emt 0:00:07]} Ra3 {[%emt 0:00:02]} 54. Ng4+ {[%emt 0:00:01]} Kh7 {[%emt 0:00:08]} 55. Rd7+ {[%emt 0:00:06]} 1-0

[Event "Polgar Challenge 2021"]
[Site "Online"]
[Date "2021.04.04"]
[Round "7.3"]
[White "Saduakassova, Dinara"]
[Black "Lei, Tingjie"]
[Result "0-1"]
[WhiteElo "2500"]
[BlackElo "2505"]
[Annotator "ChessBase"]
[PlyCount "114"]
[EventDate "2021.04.08"]
[EventType "tourn"]
[EventCountry "NET"]
[SourceTitle "playchess.com"]
[Source "ChessBase"]
[SourceQuality "1"]
[TimeControl "600+5"]

1. d4 {[%emt 0:00:00]} Nf6 {[%emt 0:00:00]} 2. c4 {[%emt 0:00:00]} e6 {[%emt 0:00:00]} 3. Nf3 {[%emt 0:00:04]} d5 {[%emt 0:00:00]} 4. g3 {[%emt 0:00:01]} Be7 {[%emt 0:00:00]} 5. Bg2 {[%emt 0:00:02]} O-O {[%emt 0:00:01]} 6. O-O {[%emt 0:00:01]} dxc4 {[%emt 0:00:02]} 7. Qc2 {[%emt 0:00:04]} a6 {[%emt 0:00:01]} 8. a4 {[%emt 0:00:01]} c5 {[%emt 0:00:02]} 9. dxc5 {[%emt 0:00:07]} Bxc5 {[%emt 0:00:02]} 10. Nbd2 {[%emt 0:00:15]} b5 {[%emt 0:01:50]} 11. axb5 {[%emt 0:00:09]} Bb7 {[%emt 0:00:03]} 12. Nxc4 {[%emt 0:00:51]} axb5 {[%emt 0:00:13]} 13. Rxa8 {[%emt 0:00:02]} Bxa8 {[%emt 0:00:02]} 14. Nce5 {[%emt 0:00:23]} Qc7 {[%emt 0:03:17]} 15. Be3 {[%emt 0:00:20]} Na6 {[%emt 0:00:13]} 16. Bxc5 {[%emt 0:00:25]} Qxc5 {[%emt 0:00:03]} 17. Qxc5 {[%emt 0:00:09]} Nxc5 {[%emt 0:00:02]} 18. Nd4 {[%emt 0:00:08]} Bxg2 {[%emt 0:01:14]} 19. Kxg2 {[%emt 0:00:03]} Rd8 {[%emt 0:01:57]} 20. Nxb5 {[%emt 0:01:07]} Rb8 {[%emt 0:00:23]} 21. Nd6 {[%emt 0:01:22]} Rxb2 {[%emt 0:00:20]} 22. Rc1 {[%emt 0:01:04]} Nfd7 {[%emt 0:00:23]} 23. Nxd7 {[%emt 0:00:55]} Nxd7 {[%emt 0:00:03]} 24. Rc7 {[%emt 0:00:12]} Nf8 {[%emt 0:00:04]} 25. e3 {[%emt 0:01:04]} Rd2 {[%emt 0:00:46]} 26. Nxf7 {[%emt 0:00:43]} Rd5 {[%emt 0:00:14]} 27. f4 {[%emt 0:00:48]} Rd7 {[%emt 0:00:08]} 28. Rxd7 {[%emt 0:00:02]} Nxd7 {[%emt 0:00:01]} 29. Ng5 {[%emt 0:00:01]} Nc5 {[%emt 0:00:02]} 30. Kf3 {[%emt 0:00:02]} h6 {[%emt 0:00:03]} 31. Ne4 {[%emt 0:00:02]} Nd7 {[%emt 0:00:11]} 32. g4 {[%emt 0:00:01]} Kf7 {[%emt 0:00:03]} 33. Ng3 {[%emt 0:00:03]} Nc5 {[%emt 0:00:06]} 34. h4 {[%emt 0:00:03]} Ke7 {[%emt 0:00:33]} 35. g5 {[%emt 0:00:10]} hxg5 {[%emt 0:00:22]} 36. fxg5 {[%emt 0:00:02]} Kf7 {[%emt 0:00:06]} 37. Ne4 {[%emt 0:00:04]} Nd3 {[%emt 0:00:02]} 38. h5 {[%emt 0:00:06]} Ne5+ {[%emt 0:00:02]} 39. Kf4 {[%emt 0:00:45]} Nd3+ {[%emt 0:00:01]} 40. Kg3 {[%emt 0:00:01]} Ne5 {[%emt 0:00:01]} 41. Kf4 {[%emt 0:00:07]} Nd3+ {[%emt 0:00:01]} 42. Kg4 {[%emt 0:00:01]} Ne5+ {[%emt 0:00:01]} 43. Kg3 {[%emt 0:00:02]} Nc4 {[%emt 0:00:04]} 44. Kf4 {[%emt 0:00:07]} Nb6 {[%emt 0:00:14]} 45. Nd6+ {[%emt 0:00:20]} Ke7 {[%emt 0:00:03]} 46. Nb5 {[%emt 0:01:01]} Nd5+ {[%emt 0:00:16]} 47. Ke4 {[%emt 0:00:04]} Kf7 {[%emt 0:00:00]} 48. Nd6+ {[%emt 0:00:10]} Ke7 {[%emt 0:00:01]} 49. Nc4 {[%emt 0:00:05]} Nb4 {[%emt 0:00:12]} 50. Kf4 {[%emt 0:00:07]} Nc6 {[%emt 0:00:08]} 51. e4 {[%emt 0:00:04]} Nb4 {[%emt 0:00:04]} 52. Nb6 {[%emt 0:00:02]} Kf7 {[%emt 0:00:03]} 53. Nc8 {[%emt 0:00:06]} Nd3+ {[%emt 0:00:01]} 54. Ke3 {[%emt 0:00:02]} Ne5 {[%emt 0:00:02]} 55. Nd6+ {[%emt 0:00:02]} Ke7 {[%emt 0:00:01]} 56. Nb5 {[%emt 0:00:02]} Kf7 {[%emt 0:00:04]} 57. Nd4 {[%emt 0:00:41]} Nc4+ {[%emt 0:00:06]} 0-1

[Event "Polgar Challenge 2021"]
[Site "Online"]
[Date "2021.04.04"]
[Round "7.4"]
[White "Liang, Awonder"]
[Black "Badelka, Olga"]
[Result "1-0"]
[WhiteElo "2592"]
[BlackElo "2433"]
[Annotator "ChessBase"]
[PlyCount "67"]
[EventDate "2021.04.08"]
[EventType "tourn"]
[EventCountry "NET"]
[SourceTitle "playchess.com"]
[Source "ChessBase"]
[SourceQuality "1"]
[TimeControl "600+5"]

1. d4 {[%emt 0:00:00]} Nf6 {[%emt 0:00:00]} 2. Nf3 {[%emt 0:00:00]} e6 {[%emt 0:00:00]} 3. c4 {[%emt 0:00:00]} d5 {[%emt 0:00:02]} 4. g3 {[%emt 0:00:00]} dxc4 {[%emt 0:00:04]} 5. Bg2 {[%emt 0:00:02]} c6 {[%emt 0:00:01]} 6. O-O {[%emt 0:00:06]} b5 {[%emt 0:00:05]} 7. a4 {[%emt 0:00:12]} Bb7 {[%emt 0:00:13]} 8. Ng5 {[%emt 0:01:38]} a6 {[%emt 0:00:15]} 9. e4 {[%emt 0:00:02]} Be7 {[%emt 0:00:20]} 10. e5 {[%emt 0:00:13]} Nd5 {[%emt 0:00:10]} 11. Qh5 {[%emt 0:00:13]} g6 {[%emt 0:01:04]} 12. Qh6 {[%emt 0:00:05]} Bf8 {[%emt 0:00:11]} 13. Qh3 {[%emt 0:00:04]} Nd7 {[%emt 0:01:22]} 14. Nc3 {[%emt 0:00:15]} Nxc3 {[%emt 0:02:03]} 15. bxc3 {[%emt 0:00:00]} Be7 {[%emt 0:00:07]} 16. Ne4 {[%emt 0:01:04]} c5 {[%emt 0:02:37]} 17. Nd6+ {[%emt 0:00:38]} Bxd6 {[%emt 0:00:03]} 18. Bxb7 {[%emt 0:00:00]} Rb8 {[%emt 0:00:21]} 19. Bc6 {[%emt 0:00:29]} Be7 {[%emt 0:00:52]} 20. axb5 {[%emt 0:00:19]} O-O {[%emt 0:00:14]} 21. bxa6 {[%emt 0:00:02]} Qc7 {[%emt 0:00:20]} 22. Qg2 {[%emt 0:00:11]} Qa7 {[%emt 0:00:12]} 23. Be3 {[%emt 0:00:07]} cxd4 {[%emt 0:00:17]} 24. cxd4 {[%emt 0:00:11]} Nb6 {[%emt 0:00:11]} 25. d5 {[%emt 0:00:37]} exd5 {[%emt 0:00:02]} 26. Bxd5 {[%emt 0:00:01]} Rfc8 {[%emt 0:00:22]} 27. e6 {[%emt 0:00:23]} f6 {[%emt 0:00:03]} 28. Bb7 {[%emt 0:00:01]} Rc7 {[%emt 0:00:12]} 29. Rfb1 {[%emt 0:00:38]} Bc5 {[%emt 0:00:02]} 30. Bf4 {[%emt 0:00:04]} Rbxb7 {[%emt 0:00:20]} 31. axb7 {[%emt 0:00:00]} Qxb7 {[%emt 0:00:01]} 32. Qxb7 {[%emt 0:00:57]} Rxb7 {[%emt 0:00:01]} 33. Rb5 {[%emt 0:00:00]} Bd4 {[%emt 0:00:33]} 34. Rd1 {[%emt 0:00:03]} 1-0

[Event "Polgar Challenge 2021"]
[Site "Online"]
[Date "2021.04.04"]
[Round "7.5"]
[White "Yoo, Christopher Woojin"]
[Black "Nihal Sarin"]
[Result "1/2-1/2"]
[WhiteElo "2455"]
[BlackElo "2620"]
[Annotator "TA"]
[PlyCount "101"]
[EventDate "2021.04.08"]
[EventType "tourn"]
[EventCountry "NET"]
[SourceTitle "playchess.com"]
[Source "ChessBase"]
[SourceQuality "1"]

{[%evp 11,101,7,26,29,29,23,30,21,14,0,1,0,0,0,29,14,20,18,32,0,0,0,0,-31,-29,-28,-26,-39,0,0,0,0,0,0,0,0,0,0,0,0,8,8,8,-10,0,-10,-7,-8,-8,-20,0,-1,0,0,0,0,0,0,0,0,0,0,0,0,0,0,0,0,0,0,0,0,0,0,0,0,0,0,0,0,0,0,0,0,0,0,0,0,0,0,0,0]} 1. d4 Nf6 2. Nf3 d5 3. c4 e6 4. Nc3 dxc4 5. Qa4+ Nbd7 6. e4 Be7 7. Bxc4 {D23: Queen's Gambit Accepted: 3 Nf3 Nf6 sidelines.} O-O 8. Qc2 c5 $1 {[%cal Rc5d4]} 9. e5 {White has an edge. is the legacy move (9.dxc5).} Nd5 {[%cal Rd5b4]} 10. Nxd5 exd5 11. Bd3 h6 12. O-O {[#]} cxd4 $146 ({Predecessor:} 12... c4 13. Bh7+ Kh8 14. Bf5 Nb8 15. Bxc8 Qxc8 16. Be3 Nc6 17. Ne1 Qe6 18. f4 f5 {0-1 (36) Cmilyte,V (2466)-Atalik,E (2374) Dresden 2007}) 13. Bf4 Nc5 14. Nxd4 Bd7 15. Bf5 Rc8 16. Bxd7 Qxd7 17. Qf5 Ne6 18. Rfd1 Rfd8 19. Be3 Nxd4 20. Qxd7 {The position is equal.} Rxd7 21. Bxd4 Bc5 22. Rac1 Rdc7 {[#] ...Bxd4 is the strong threat.} 23. Kf1 Bxd4 24. Rxc7 Rxc7 25. Rxd4 $11 {[%mdl 4096] Endgame KR-KR} Rc2 26. Rxd5 Rxb2 27. Rd7 a5 28. a4 Rb4 29. f3 b6 30. Rb7 Rxa4 {next ...Rb4 is good for Black.} 31. Rxb6 Ra2 32. Ra6 a4 33. Kg1 a3 34. h4 h5 (34... Kf8 {seems wilder.} 35. h5 Ra1+ 36. Kf2 a2 37. Kg3 Ke7) 35. Kh2 Re2 (35... Ra1 {is more complex.} 36. Ra8+ Kh7 37. Kg3 a2 38. Kf4 Kg6) 36. Rxa3 Rxe5 37. Kg3 g6 38. Rd3 Kg7 39. Kf2 Ra5 40. Re3 Ra2+ 41. Kg3 Ra4 42. Rd3 Rc4 43. Ra3 $1 Rb4 44. Re3 Ra4 45. Rc3 Rb4 46. Rc7 Ra4 47. Rd7 Rb4 48. Rc7 Ra4 49. Rb7 Rc4 50. Ra7 Rb4 51. Rc7 {Weighted Error Value: White=0.03/Black=0.04} 1/2-1/2

[Event "Polgar Challenge 2021"]
[Site "Online"]
[Date "2021.04.04"]
[Round "7.6"]
[White "Shuvalova, Polina"]
[Black "Mammadzada, Gunay"]
[Result "1-0"]
[WhiteElo "2476"]
[BlackElo "2443"]
[Annotator "ChessBase"]
[PlyCount "187"]
[EventDate "2021.04.08"]
[EventType "tourn"]
[EventCountry "NET"]
[SourceTitle "playchess.com"]
[Source "ChessBase"]
[SourceQuality "1"]
[TimeControl "600+5"]

1. e4 {[%emt 0:00:00]} c5 {[%emt 0:00:00]} 2. Nf3 {[%emt 0:00:00]} d6 {[%emt 0:00:00]} 3. d4 {[%emt 0:00:00]} cxd4 {[%emt 0:00:00]} 4. Nxd4 {[%emt 0:00:00]} Nf6 {[%emt 0:00:00]} 5. Nc3 {[%emt 0:00:02]} a6 {[%emt 0:00:04]} 6. a3 {[%emt 0:00:01]} e5 {[%emt 0:00:30]} 7. Nf5 {[%emt 0:00:04]} Bxf5 {[%emt 0:00:51]} 8. exf5 {[%emt 0:00:03]} d5 {[%emt 0:00:01]} 9. Bg5 {[%emt 0:00:05]} d4 {[%emt 0:00:02]} 10. Ne4 {[%emt 0:00:43]} Nbd7 {[%emt 0:01:38]} 11. Bd3 {[%emt 0:01:21]} Be7 {[%emt 0:01:14]} 12. Bxf6 {[%emt 0:00:09]} Nxf6 {[%emt 0:00:19]} 13. Nxf6+ {[%emt 0:00:56]} Bxf6 {[%emt 0:00:04]} 14. O-O {[%emt 0:00:06]} Qb6 {[%emt 0:00:10]} 15. Qf3 {[%emt 0:00:10]} O-O {[%emt 0:00:19]} 16. Be4 {[%emt 0:00:22]} Rac8 {[%emt 0:00:04]} 17. Rab1 {[%emt 0:00:37]} Rc7 {[%emt 0:00:18]} 18. g3 {[%emt 0:00:14]} Rfc8 {[%emt 0:00:05]} 19. h4 {[%emt 0:00:14]} Be7 {[%emt 0:01:01]} 20. Kg2 {[%emt 0:00:33]} Rb8 {[%emt 0:00:41]} 21. Rh1 {[%emt 0:00:09]} Qh6 {[%emt 0:00:02]} 22. Rbd1 {[%emt 0:00:07]} Qb6 {[%emt 0:01:02]} 23. Rb1 {[%emt 0:01:07]} Qh6 {[%emt 0:00:04]} 24. Rh3 {[%emt 0:00:10]} b5 {[%emt 0:00:39]} 25. g4 {[%emt 0:00:50]} Qd6 {[%emt 0:01:24]} 26. g5 {[%emt 0:00:09]} f6 {[%emt 0:00:02]} 27. Re1 {[%emt 0:01:21]} fxg5 {[%emt 0:00:48]} 28. f6 {[%emt 0:00:44]} Qxf6 {[%emt 0:00:27]} 29. Bxh7+ {[%emt 0:00:05]} Kh8 {[%emt 0:00:02]} 30. Qh5 {[%emt 0:01:09]} Qh6 {[%emt 0:00:11]} 31. hxg5 {[%emt 0:00:10]} Qxg5+ {[%emt 0:00:19]} 32. Qxg5 {[%emt 0:00:05]} Bxg5 {[%emt 0:00:00]} 33. Rxe5 {[%emt 0:00:25]} Bh6 {[%emt 0:00:01]} 34. Bd3 {[%emt 0:00:07]} Rc6 {[%emt 0:00:10]} 35. Rf3 {[%emt 0:00:06]} Kg8 {[%emt 0:00:09]} 36. Re7 {[%emt 0:00:07]} Rf6 {[%emt 0:00:12]} 37. Rxf6 {[%emt 0:00:05]} gxf6 {[%emt 0:00:00]} 38. Re6 {[%emt 0:00:01]} Bc1 {[%emt 0:00:02]} 39. Rxf6 {[%emt 0:00:17]} Ra8 {[%emt 0:00:12]} 40. b3 {[%emt 0:00:18]} Bxa3 {[%emt 0:00:02]} 41. f4 {[%emt 0:00:03]} Be7 {[%emt 0:00:03]} 42. Rb6 {[%emt 0:00:04]} Kf7 {[%emt 0:00:06]} 43. Kf3 {[%emt 0:00:01]} Bd8 {[%emt 0:00:04]} 44. Rd6 {[%emt 0:00:06]} Bf6 {[%emt 0:00:03]} 45. Ke4 {[%emt 0:00:01]} Ra7 {[%emt 0:00:04]} 46. Kf5 {[%emt 0:00:04]} Bg7 {[%emt 0:00:04]} 47. Rb6 {[%emt 0:00:03]} Kf8 {[%emt 0:00:04]} 48. Rb8+ {[%emt 0:00:02]} Kf7 {[%emt 0:00:04]} 49. Be4 {[%emt 0:00:02]} Ke7 {[%emt 0:00:11]} 50. Rb6 {[%emt 0:00:02]} Bf8 {[%emt 0:00:05]} 51. Bb7 {[%emt 0:00:06]} a5 {[%emt 0:00:03]} 52. Rxb5 {[%emt 0:00:04]} a4 {[%emt 0:00:00]} 53. bxa4 {[%emt 0:00:02]} Rxa4 {[%emt 0:00:04]} 54. Be4 {[%emt 0:00:07]} Ra1 {[%emt 0:00:12]} 55. Rb7+ {[%emt 0:00:03]} Kd8 {[%emt 0:00:06]} 56. Ke5 {[%emt 0:00:13]} Rf1 {[%emt 0:00:13]} 57. f5 {[%emt 0:00:07]} Be7 {[%emt 0:00:04]} 58. Kxd4 {[%emt 0:00:14]} Bf6+ {[%emt 0:00:04]} 59. Kd5 {[%emt 0:00:01]} Ra1 {[%emt 0:00:02]} 60. Ke6 {[%emt 0:00:09]} Ra6+ {[%emt 0:00:02]} 61. Kf7 {[%emt 0:00:02]} Bc3 {[%emt 0:00:01]} 62. Rb3 {[%emt 0:00:08]} Rf6+ {[%emt 0:00:04]} 63. Kg8 {[%emt 0:00:04]} Be5 {[%emt 0:00:03]} 64. Rb5 {[%emt 0:00:03]} Bc3 {[%emt 0:00:10]} 65. Rc5 {[%emt 0:00:06]} Ba1 {[%emt 0:00:05]} 66. Ra5 {[%emt 0:00:04]} Bc3 {[%emt 0:00:02]} 67. Ra7 {[%emt 0:00:03]} Ke8 {[%emt 0:00:08]} 68. Rc7 {[%emt 0:00:08]} Be5 {[%emt 0:00:06]} 69. Rc5 {[%emt 0:00:06]} Bd4 {[%emt 0:00:06]} 70. Rc4 {[%emt 0:00:03]} Be5 {[%emt 0:00:04]} 71. Rc5 {[%emt 0:00:03]} Bd4 {[%emt 0:00:01]} 72. Rd5 {[%emt 0:00:07]} Bc3 {[%emt 0:00:04]} 73. Rd3 {[%emt 0:00:01]} Be5 {[%emt 0:00:10]} 74. Kh7 {[%emt 0:00:09]} Bf4 {[%emt 0:00:06]} 75. Ra3 {[%emt 0:00:06]} Be5 {[%emt 0:00:12]} 76. Ra5 {[%emt 0:00:03]} Bc3 {[%emt 0:00:03]} 77. Ra8+ {[%emt 0:00:03]} Ke7 {[%emt 0:00:02]} 78. Ra7+ {[%emt 0:00:01]} Ke8 {[%emt 0:00:01]} 79. Rb7 {[%emt 0:00:11]} Rf7+ {[%emt 0:00:04]} 80. Kg6 {[%emt 0:00:10]} Rxb7 {[%emt 0:00:13]} 81. Bxb7 {[%emt 0:00:00]} Ke7 {[%emt 0:00:01]} 82. Be4 {[%emt 0:00:09]} Bf6 {[%emt 0:00:01]} 83. Bd3 {[%emt 0:00:02]} Bc3 {[%emt 0:00:03]} 84. Be4 {[%emt 0:00:02]} Bf6 {[%emt 0:00:10]} 85. c4 {[%emt 0:00:02]} Bd4 {[%emt 0:00:01]} 86. Bd5 {[%emt 0:00:01]} Bc5 {[%emt 0:00:14]} 87. f6+ {[%emt 0:00:03]} Kf8 {[%emt 0:00:01]} 88. Kf5 {[%emt 0:00:03]} Ke8 {[%emt 0:00:03]} 89. Ke6 {[%emt 0:00:02]} Kf8 {[%emt 0:00:06]} 90. Kd7 {[%emt 0:00:04]} Bd4 {[%emt 0:00:01]} 91. f7 {[%emt 0:00:04]} Kg7 {[%emt 0:00:13]} 92. Kd6 {[%emt 0:00:05]} Kf8 {[%emt 0:00:02]} 93. c5 {[%emt 0:00:05]} Be3 {[%emt 0:00:16]} 94. c6 {[%emt 0:00:03]} 1-0